[Event "SVK-chT 1819"]
[Site "Slovakia"]
[Date "2018.12.08"]
[Round "3.3"]
[White "Petran, Peter"]
[Black "Bury, Rastislav"]
[Result "1-0"]
[WhiteElo "2256"]
[BlackElo "2144"]
[PlyCount "141"]
[EventDate "2018.11.10"]
[EventType "team-tourn"]
[EventRounds "11"]
[EventCountry "SVK"]
[SourceTitle "CBM 187 Extra"]
[Source "ChessBase"]
[SourceDate "2018.11.04"]
[SourceVersion "1"]
[SourceVersionDate "2018.11.04"]
[SourceQuality "1"]
[WhiteTeam "Bratislava Slovan"]
[BlackTeam "Osuske"]
[WhiteTeamCountry "SVK"]
[BlackTeamCountry "SVK"]

1. g3 Nf6 2. Bg2 d5 3. Nf3 e6 4. 0-0 Be7 5. c4 0-0 6. b3 b6 7. Bb2 Bb7 8. d4 Nbd7 9. cxd5 exd5 10. Nc3 Re8 11. e3 Ba6 12. Re1 Bd6 13. Nh4 Bb7 14. Rc1 a6 15. a3 Rc8 16. b4 Bf8 17. Qb3 c6 18. a4 b5 19. a5 Qe7 20. Ba3 Qe6 21. Nf3 Qf5 22. Nh4 Qe6 23. Qc2 Ne4 24. Nf3 Nxc3 25. Qxc3 Bd6 26. Nd2 Nf6 27. f3 h5 28. Nb3 Nd7 29. e4 dxe4 30. fxe4 Be7 31. Bb2 Bf6 32. Qf3 Be7 33. Nc5 Nxc5 34. bxc5 Qa2 35. Re2 Qxa5 36. Rf2 Rf8 37. Qxh5 Qd8 38. Rcf1 g6 39. Qf3 Rc7 40. Qc3 f6 41. Qd2 Kg7 42. Bc3 Qd7 43. Kh1 Rcc8 44. Qb2 Qe6 45. h4 Rb8 46. Kh2 b4 47. Qxb4 Ba8 48. Qa5 Qc4 49. Qa1 Rb3 50. Rc1 Qd3 51. Rf3 Qe2 52. Rcf1 Rbb8 53. R1f2 Qc4 54. Qa2 Qxa2 55. Rxa2 Bb7 56. Rb2 Ba8 57. Rff2 Rfc8 58. Bf1 Rb5 59. Bxb5 axb5 60. Ra2 Bb7 61. Ra7 Rc7 62. Bb4 Rd7 63. d5 Bc8 64. Rfa2 Kf7 65. Rxd7 Bxd7 66. Ra7 Ke8 67. d6 Bf8 68. Kg2 Bh6 69. Kf2 Bc1 70. Bc3 f5 71. e5 1-0

[Event "AUT-chT2O 1718"]
[Site "Austria"]
[Date "2018.02.25"]
[Round "9.5"]
[White "Bury, Rastislav"]
[Black "Sardy, Peter"]
[Result "0-1"]
[WhiteElo "2163"]
[BlackElo "2321"]
[PlyCount "92"]
[EventDate "2017.10.21"]
[EventType "team-tourn"]
[EventRounds "11"]
[EventCountry "AUT"]
[SourceTitle "EXT 2019"]
[Source "ChessBase"]
[SourceDate "2018.10.10"]
[SourceVersion "1"]
[SourceVersionDate "2018.10.10"]
[SourceQuality "1"]
[WhiteTeam "Nickelsdorf Blackburne"]
[BlackTeam "Austria"]
[WhiteTeamCountry "AUT"]
[BlackTeamCountry "AUT"]

1. d4 d6 2. Nf3 g6 3. g3 Nf6 4. Bg2 Bg7 5. 0-0 0-0 6. c4 Nc6 7. Nc3 e5 8. h3 Bd7 9. e4 exd4 10. Nxd4 Re8 11. Be3 a6 12. Nxc6 Bxc6 13. Qd3 Nd7 14. Rad1 Bxc3 15. bxc3 Qe7 16. f3 Qe6 17. Bd4 b5 18. Qd2 Qxc4 19. Qh6 f6 20. h4 Qf7 21. Bh3 Nf8 22. h5 Bd7 23. g4 Ne6 24. hxg6 hxg6 25. g5 Nxd4 26. Bxd7 Re5 27. cxd4 Rxg5+ 28. Kf2 Rh5 29. Qxh5 gxh5 30. Bc6 Re8 31. Bd5 Re6 32. f4 f5 33. e5 c6 34. Bxe6 Qxe6 35. Rd2 Kf7 36. Re1 h4 37. Kg1 a5 38. Rh2 Qh6 39. e6+ Ke7 40. Rf2 Qf6 41. Rd2 Qg7+ 42. Rg2 Qxd4+ 43. Kh1 b4 44. Rg5 Qc3 45. Rf1 Kxe6 46. Rg6+ Ke7 0-1

[Event "SVK-chT 1617"]
[Site "Slovakia"]
[Date "2016.10.22"]
[Round "1.5"]
[White "Bury, Rastislav"]
[Black "Matejovic, Juraj"]
[Result "1/2-1/2"]
[WhiteElo "2159"]
[BlackElo "2218"]
[PlyCount "51"]
[EventDate "2016.10.22"]
[EventType "team-tourn"]
[EventRounds "11"]
[EventCountry "SVK"]
[SourceTitle "CBM 175 Extra"]
[Source "ChessBase"]
[SourceDate "2016.12.12"]
[SourceVersion "1"]
[SourceVersionDate "2016.12.12"]
[SourceQuality "1"]
[WhiteTeam "Osuske"]
[BlackTeam "Modra"]
[WhiteTeamCountry "SVK"]
[BlackTeamCountry "SVK"]

1. d4 Nf6 2. Nf3 g6 3. g3 Bg7 4. Bg2 0-0 5. 0-0 d6 6. c4 c5 7. Nc3 Nc6 8. dxc5 dxc5 9. Be3 Be6 10. Bxc5 Qa5 11. Be3 Rfd8 12. Qb3 Qa6 13. Nb5 Rac8 14. Rad1 Rxd1 15. Rxd1 Na5 16. Qa3 Nxc4 17. Qxa6 bxa6 18. Nc3 Nxe3 19. fxe3 Ng4 20. Bh3 Bh6 21. e4 Be3+ 22. Kg2 Bc5 23. Bxg4 Bxg4 24. Nd5 Rb8 25. Rc1 Bd6 26. e5 1/2-1/2

[Event "SVK-chT1W 1516"]
[Site "Slovakia"]
[Date "2016.03.20"]
[Round "11.8"]
[White "Bury, Rastislav"]
[Black "Kurtulik, Andrej"]
[Result "1-0"]
[WhiteElo "2119"]
[BlackElo "1868"]
[PlyCount "87"]
[EventDate "2015.10.24"]
[EventType "team-tourn"]
[EventRounds "11"]
[EventCountry "SVK"]
[SourceTitle "EXT 2017"]
[Source "ChessBase"]
[SourceDate "2016.10.25"]
[SourceVersion "1"]
[SourceVersionDate "2016.10.25"]
[SourceQuality "1"]
[WhiteTeam "Osuske"]
[BlackTeam "Prievidza"]
[WhiteTeamCountry "SVK"]
[BlackTeamCountry "SVK"]

1. d4 d5 2. Nf3 Nf6 3. g3 Bf5 4. Bg2 Nc6 5. 0-0 Qd7 6. Re1 Bh3 7. Bh1 Qg4 8. Ng5 h6 9. Nxh3 Qxh3 10. Bg2 Qg4 11. Be3 e6 12. c4 Bd6 13. Nc3 a6 14. cxd5 exd5 15. Nxd5 Nh5 16. Qa4 0-0 17. h3 Qg6 18. g4 Nf6 19. Nf4 Bxf4 20. Bxf4 h5 21. g5 Ne4 22. d5 Nxg5 23. Bxg5 Ne5 24. Bf4 Rae8 25. Rac1 Kh8 26. Qa3 f6 27. Rxc7 Nd3 28. Qxd3 Qxd3 29. exd3 Rxe1+ 30. Kh2 Re2 31. Rxb7 Rxf2 32. Kg3 Re2 33. Bf3 Re1 34. Kf2 Ra1 35. a3 Rc8 36. Rc7 Rb8 37. Rc2 Re8 38. d6 Kh7 39. Bxh5 Rd8 40. Bg4 g5 41. Bg3 Kg6 42. Rc8 Rxc8 43. Bxc8 Rd1 44. Ke2 1-0

[Event "SVK-chT2A 1415"]
[Site "Slovakia"]
[Date "2014.10.11"]
[Round "1.1"]
[White "Bury, Rastislav"]
[Black "Janos, Martin"]
[Result "1-0"]
[WhiteElo "2147"]
[BlackElo "2215"]
[PlyCount "161"]
[EventDate "2014.10.11"]
[EventType "team-tourn"]
[EventRounds "11"]
[EventCountry "SVK"]
[SourceTitle "EXT 2016"]
[Source "ChessBase"]
[SourceDate "2015.10.08"]
[SourceVersion "1"]
[SourceVersionDate "2015.10.08"]
[SourceQuality "1"]
[WhiteTeam "Osuske II"]
[BlackTeam "Bratislava DP"]
[WhiteTeamCountry "SVK"]
[BlackTeamCountry "SVK"]

1. d4 d6 2. Nf3 Nf6 3. g3 Nbd7 4. Bg2 e5 5. c4 c6 6. Nc3 Qe7 7. e4 g6 8. 0-0 Bg7 9. Re1 0-0 10. h3 a6 11. a4 Rd8 12. Be3 Nf8 13. Qe2 Bd7 14. dxe5 dxe5 15. Bb6 Rdc8 16. c5 Be8 17. b4 N6d7 18. a5 Ne6 19. Nd2 Nxb6 20. axb6 a5 21. bxa5 Qxc5 22. Nc4 Nd4 23. Qd3 Rd8 24. a6 bxa6 25. Na4 Qe7 26. Na5 c5 27. b7 Ra7 28. Nb6 Bb5 29. Qb1 Qc7 30. Nd5 Qd6 31. Ra2 Bf8 32. Rd1 Rb8 33. Bf1 Bc6 34. Qb6 Bxd5 35. Qxd6 Bxd6 36. exd5 Raxb7 37. Nxb7 Rxb7 38. Rxa6 Bf8 39. Kg2 Rb2 40. Rc1 Bh6 41. Re1 Rd2 42. g4 Bg5 43. Bc4 Bh4 44. Ra2 Bxf2 45. Rxe5 Rxa2 46. Bxa2 Bh4 47. d6 Kg7 48. Re7 Kf6 49. Rxf7+ Ke5 50. Rxh7 Bf6 51. Rf7 g5 52. Kf2 Bd8 53. Rf8 Nc6 54. d7 Kd6 55. Bc4 Kxd7 56. Bb5 Ke7 57. Rg8 Nd4 58. Re8+ Kf6 59. Rxd8 Nxb5 60. Rd5 Nc3 61. Rf5+ Ke6 62. Kf3 Nd5 63. Rxg5 Kd6 64. Rxd5+ Kxd5 65. Ke3 Kc4 66. Kd2 Kb3 67. Kc1 Kc4 68. g5 Kd5 69. g6 Ke6 70. h4 Kf6 71. h5 Kg7 72. Kc2 Kh6 73. Kc3 Kg7 74. Kc4 Kh6 75. Kxc5 Kg7 76. Kd6 Kf6 77. Kd5 Kg7 78. Ke6 Kg8 79. h6 Kf8 80. g7+ Kg8 81. Kf6 1-0

[Event "Bratislava Slovan op"]
[Site "Bratislava"]
[Date "2014.04.27"]
[Round "2"]
[White "Petran, Peter"]
[Black "Bury, Rastislav"]
[Result "1/2-1/2"]
[WhiteElo "2316"]
[BlackElo "2119"]
[PlyCount "82"]
[EventDate "2014.04.26"]
[EventType "swiss"]
[EventRounds "9"]
[EventCountry "SVK"]
[SourceTitle "CBM 160 Extra"]
[Source "ChessBase"]
[SourceDate "2014.07.01"]
[SourceVersion "1"]
[SourceVersionDate "2014.07.01"]
[SourceQuality "1"]

1. g3 c5 2. Bg2 Nc6 3. e4 g6 4. Ne2 Bg7 5. 0-0 d6 6. c3 e5 7. d3 Nge7 8. Be3 0-0 9. d4 exd4 10. cxd4 Qb6 11. Nbc3 cxd4 12. Na4 Qa5 13. Nxd4 Ne5 14. Nc3 Nc4 15. Bc1 Bd7 16. Nb3 Qc7 17. Qe2 Be6 18. Rd1 Rfe8 19. Nd4 Bd7 20. b3 Qa5 21. Qxc4 Rac8 22. Qe2 Qxc3 23. Be3 Qa5 24. a3 a6 25. Ra2 Nc6 26. Nxc6 Bxc6 27. Qd2 Bc3 28. Qd3 Be5 29. f4 Bf6 30. Bf2 Rcd8 31. b4 Qa4 32. Re1 Bb5 33. Qd1 Bc3 34. Qxa4 Bxa4 35. Rc1 Rc8 36. Bh3 Rc4 37. Re2 b5 38. Bf1 Bf6 39. Rce1 Bc3 40. Rc1 Bf6 41. Rce1 Bc3 1/2-1/2